| 000 | 00000nam##2200000za#4500 |
| 001 | 9.625719 |
| 003 | CaOODSP |
| 005 | 20200421163415 |
| 007 | ta |
| 008 | 150406|2001||||xxc||||| f|0| 0 fre|d |
| 020 | |a0-662-86046-2 |
| 040 | |aCaOODSP|bfre |
| 043 | |an-cn--- |
| 086 | 1 |aNH18-24/28KF |
| 110 | 2 |aSociété canadienne d'hypothèques et de logement. |
| 245 | 10|aÉvaluation de vos installations mécaniques - confort et sécurité |
| 260 | |aOttawa - Ontario : |bSociété canadienne d'hypothèques et de logement |c2001. |
| 300 | |a8p. : |bill. ; |c28 cm. |
| 490 | 1 |aVotre maison |vCF28K |
| 563 | |aDépliant |
| 590 | |a01-27|b2001-07-06 |
| 691 | 07|aClimatisation|2gcpds |
| 691 | 07|aChauffage|2gcpds |
| 691 | 07|aRendement énergétique|2gcpds |
| 691 | 07|aSécurité|2gcpds |
| 775 | 08|tBefore you start assessing the comfort and safety of your home's mechanical systems |w(CaOODSP)9.615690 |
| 776 | 0#|tÉvaluation de vos installations mécaniques : confort et sécurité |w(CaOODSP)9.602234 |
| 830 | #0|aVotre maison ;|vCF28K|w(CaOODSP)9.513181 |